000
00206nam a22000977a 4500
999
_c
16005
_d
16005
003
OSt
008
191025b ||||| |||| 00| 0 eng d
100
_a
Joseph,Mattam.
_9
4467
245
_a
Manavatty
942
_c
BK